Analýza působení polotuhých mechanických spojů v dřevěných konstrukcích = Analysis of semi-rigid behaviour of mechanical joints in timber structures : zkrácená verze Ph.D. Thesis /

Main Author: Hradil, Petr, 1979-
Corporate Author: Vysoké učení technické v Brně. Ústav kovových a dřevěných konstrukcí
Language: Czech
Published: [Brno : Vysoké učení technické v Brně], c2007
Series: Vědecké spisy Vysokého učení technického v Brně. PhD Thesis, sv. 426
Subjects:
Physical Description: 27 s. : il. ; 21 cm
Language note: Anglické resumé
Book
Saved in:
LEADER 02430nam a2200565 a 4500
001 nkc20071761763
003 CZ PrNK
005 20080310100804.0
007 ta
008 071220s2007 xr a f m 000 0 cze
015 |a cnb001761763 
020 |a 978-80-214-3513-1  |q (brož.) 
035 |a (OCoLC)228499466 
040 |a ABA001  |b cze 
041 0 |a cze  |b eng 
072 7 |a 624  |x Stavební inženýrství  |2 Konspekt  |9 19 
080 |a 621.79  |2 MRF 
080 |a 694  |2 MRF 
080 |a 624.011.1  |2 MRF 
080 |a 620.1  |2 MRF 
080 |a (043.3)378.245  |2 MRF 
080 |a (048.3)  |2 MRF 
100 1 |a Hradil, Petr,  |d 1979-  |7 jo2007416292  |4 dis 
245 1 0 |a Analýza působení polotuhých mechanických spojů v dřevěných konstrukcích =  |b Analysis of semi-rigid behaviour of mechanical joints in timber structures : zkrácená verze Ph.D. Thesis /  |c Petr Hradil 
246 3 1 |a Analysis of semi-rigid behaviour of mechanical joints in timber structures 
260 |a [Brno :  |b Vysoké učení technické v Brně],  |c c2007 
300 |a 27 s. :  |b il. ;  |c 21 cm 
490 1 |a Vědecké spisy Vysokého učení technického v Brně. PhD Thesis,  |x 1213-4198 ;  |v sv. 426 
500 |a Zkrácená verze disertace (Ph.D.)--Vysoké učení technické v Brně, Fakulta stavební, Ústav kovových a dřevěných konstrukcí, 2007 
500 |a Obor: Teorie konstrukcí 
504 |a Obsahuje bibliografii 
546 |a Anglické resumé 
650 0 7 |a spojování materiálů  |7 ph125916  |2 czenas 
650 0 7 |a dřevěné konstrukce  |7 ph114410  |2 czenas 
650 0 7 |a zkoušení materiálů  |7 ph116776  |2 czenas 
650 0 9 |a joining of materials  |2 eczenas 
650 0 9 |a wooden structures  |2 eczenas 
650 0 9 |a material testing  |2 eczenas 
655 7 |a doktorské disertace  |7 fd186751  |2 czenas 
655 7 |a teze  |7 fd133701  |2 czenas 
655 9 |a higher doctoral dissertations  |2 eczenas 
655 9 |a abstracts  |2 eczenas 
710 2 |a Vysoké učení technické v Brně.  |b Ústav kovových a dřevěných konstrukcí  |7 kn20010709194 
810 2 |a Vysoké učení technické v Brně.  |t Vědecké spisy.  |p PhD Thesis  |0 s 
910 2 |a BOA001  |b 2-1199.300 
990 |a BK 
995 |a 01 
991 |b 200803  |c NOV 
996 6 |b 2610335841  |c 2-1199.300  |l MZK  |r Sklad / do 1 hodiny  |n 0  |p p.v.  |w 000888742  |u 000010  |a 1  |e BOA001  |j MZK50  |s P 
996 7 |b 2610335842  |c 2-1199.300  |l MZK  |r Sklad / do 1 hodiny  |n 1  |p p.v.  |w 000888742  |u 000020  |a 1  |e BOA001  |j MZK50  |s A